Mind your manners : Managing business cultures in the new global Europe
| Main Author: | |
|---|---|
| Format: | Book |
| Published: |
London :
Nicholas Brealey Publishing ,
2003
|
| Edition: | 3rd ed. |
| Subjects: |
MARC
| LEADER | 00000cam a2200000 7i4500 | ||
|---|---|---|---|
| 001 | 0000015112 | ||
| 005 | 20050704.0 | ||
| 020 | |a 1857883144 | ||
| 040 | |a INS | ||
| 090 | 0 | 0 | |a HD70.EB |b M653 2003 |
| 100 | 0 | |a Moley, John | |
| 245 | 0 | 0 | |a Mind your manners : |b Managing business cultures in the new global Europe |c John Moley |
| 250 | |a 3rd ed. | ||
| 260 | |a London : |b Nicholas Brealey Publishing , |c 2003 | ||
| 300 | |a viip : |b 274p ; |c 23cm. | ||
| 650 | 0 | 0 | |a Corporate culture |z Europe |
| 650 | 0 | 0 | |a Industrial management |z Europe |
| 999 | |a 0000014883 |b BOOK |c Open Shelf |e Default branch | ||